| 000 | 00497nam a2200145Ia 4500 | ||
|---|---|---|---|
| 008 | 090124s9999 xx 000 0 und d | ||
| 082 | _b205498 | ||
| 245 | _a 1000 विज्ञान प्रश्नोत्तरी | ||
| 250 | _a1 | ||
| 260 |
_bसाळवी- दिलीप एम _c2002 |
||
| 300 | _a168 | ||
| 630 | _a 1000 विज्ञान प्रश्नोत्तरी | ||
| 730 | _a 1000 विज्ञान प्रश्नोत्तरी | ||
| 942 | _cBOOK | ||
| 999 |
_c187079 _d187079 |
||